Datum a čas kvízu
33
Celkem bodů
Celkový počet nahraných bodů na tomto kvízu bez doplňovacích otázek.
5.
Pořadí na kvízu
Konečné umístění týmu na tomto kvízu.
Zaznamenané odpovědi
| # | Otázka | Odpověď | Body | Výsledky |
|---|---|---|---|---|
| 1. | Symbolický poslední vozík s tu... | Lazy | 1 | |
| 2. | O tom, že Pláničkova metoda zv... | Pomocí virtuální reality. | 1 | |
| 3. | Část sbírek z jedné z nejslavn... | Zelená klenba (Grünes Gewölbe) | 0 | |
| 4. | Jak jste si jistě všimli, spol... | Zlatuška | 0 | |
| 5. | Biatlonová sezona byla zahájen... | Dorothea Wiererová | 0 | |
| 6. | V tomto tématu se podíváme na... | A) pestík | 1 | |
| 7. | Časopis Květy je zřejmě nejsta... | A | 1 | |
| 8. | Jak se jmenuje tento pilot For... | Daniil Kvjat | 0 | |
| 9. | Z následujících rostlin vybert... | D | 1 | |
| 10. | Zřejmě nejslavnější českou fil... | dědeček vycinkal | 0 |